000 00382nam a2200145Ia 4500
008 230917s9999||||xx |||||||||||||| ||und||
040 _e247941
_aMAIN
041 _aEnglish
082 _a823.09 K141S:E
100 _aSheetal
245 0 _aEmancipation of women in Shauket's kaifi and i and Manju Kapoor's difficult daughters
260 _c2017
300 _a75 p.
942 _cTH
999 _c127661
_d127661